| 000 | 00398nam a2200145 i 4500 | ||
|---|---|---|---|
| 001 | 55411 | ||
| 003 | ES-MaACL | ||
| 005 | 20230906163135.0 | ||
| 007 | t| | ||
| 008 | 030919s1971 sp ||||1| spa d | ||
| 245 | 0 | 0 |
_aDerecho foral de Navarra _b: derecho privado. |
| 260 |
_aPamplona : _bDiputación Foral de Navarra, _c1971. |
||
| 300 |
_a299 p. ; _c22 cm. |
||
| 852 |
_aES-MaACL _jC-45116 _bR.79023 |
||
| 999 |
_c55411 _d55411 |
||